<The> Handbook of Risk Management and Analysis

Salvato in:
Dettagli Bibliografici
Altri autori: Alexander, Carol
Natura: Libro
Lingua:inglese
Pubblicazione: Chichester Wiley and Sons 1996
Edizione:1. ed.
Soggetti:
Tags: Aggiungi Tag
Nessun Tag, puoi essere il primo ad aggiungerne!!

MARC

LEADER 00000nam a2200000 4500
001 c019019
005 20221205125238.8
020 |a 0-471-95309-1 
041 0 |a eng 
044 |a GB 
245 1 0 |a <The> Handbook of Risk Management and Analysis  |c Edit. Carol Alexander 
250 |a 1. ed. 
264 1 |a Chichester  |b Wiley and Sons  |c 1996 
300 |a 367 s. 
610 2 0 |a risk management 
610 2 0 |a riziko 
610 2 0 |a bankovníctvo 
610 2 0 |a financovanie 
610 2 0 |a trh finančný 
610 2 0 |a trh peňažný 
610 2 0 |a miera úroková 
610 2 0 |a opcie 
610 2 0 |a riziko bankové 
610 2 0 |a modely 
610 2 0 |a riziko kurzové 
700 1 |a Alexander, Carol